000 00274nam a2200109Ia 4500
005 20251222144758.0
008 251222s9999||||xx |||||||||||||| ||spa||
082 _a331.098.5/I51
245 0 _aPerĂº: Comportamiento del Empleo Urbano 1995-96:
264 _bINEI
942 _cLIB
999 _c19629
_d19629